[Event "VI Torneo Internazionale"]
[Site "Tunisi TUN"]
[Date "1971.12.??"]
[Round "?"]
[White "Cosulich, Roberto"]
[Black "Bouaziz, Slim"]
[WhiteElo "2380"]
[BlackElo "2390"]
[Result "1-0"]
[PlyCount "61"]
[EventDate "1971.12.??"]

1. e4 c5 2. Nf3 d6 3. Bb5+ Nc6 4. Bxc6+ bxc6 5. O-O e6 6. e5 d5 7. d3 Ne7 8. c4
Qc7 9. Bf4 Ng6 10. Bg3 Be7 11. Nc3 Qb7 12. Na4 Nf8 13. Rc1 Nd7 14. d4 cxd4 15.
c5 Qc7 16. Re1 Ba6 17. Nxd4 Rb8 18. Nf5 exf5 19. e6 f4 20. exd7+ Kd8 21. Rxe7
Kxe7 22. Bh4+ f6 23. Qg4 Kf8 24. Re1 Rd8 25. Bxf6 gxf6 26. Qe6 Kg7 27. Qg4+ Kf8
28. Qf5 Kf7 29. Qh5+ Kf8 30. Re8+ Kg7 31. Re7+ 1-0